Renewal of confidence (Record no. 81425)
[ view plain ]
| 000 -LEADER | |
|---|---|
| fixed length control field | 00792cab a22002175a 4500 |
| 001 - CONTROL NUMBER | |
| control field | L147195 |
| 008 - FIXED-LENGTH DATA ELEMENTS--GENERAL INFORMATION | |
| fixed length control field | 090414e20090403xxk f s 000 0 eng d |
| 035 ## - SYSTEM CONTROL NUMBER | |
| System control number | (Sirsi) u147195 |
| 041 0# - LANGUAGE CODE | |
| Language code of text/sound track or separate title | eng |
| 100 1# - MAIN ENTRY--PERSONAL NAME | |
| Personal name | Shaw, Rob |
| 245 00 - TITLE STATEMENT | |
| Title | Renewal of confidence |
| 260 ## - PUBLICATION, DISTRIBUTION, ETC. | |
| Date of publication, distribution, etc. | 2009 |
| 490 #0 - SERIES STATEMENT | |
| Series statement | Planning |
| Volume/sequential designation | (1812) 3 April 2009, 16-17(2) |
| 520 ## - SUMMARY, ETC. | |
| Summary, etc. | Planners can play a key role in meeting carbon reduction and renewable energy targets, as outlined in the Supplement to Planning Policy Statement One (PPS1) on planning and climate change (see L129978). |
| 590 ## - LOCAL NOTE (RLIN) | |
| Local note | KA |
| 650 24 - SUBJECT ADDED ENTRY--TOPICAL TERM | |
| Topical term or geographic name entry element | PLANNING POLICY STATEMENT ONE |
| 651 #4 - SUBJECT ADDED ENTRY--GEOGRAPHIC NAME | |
| Geographic name | England and Wales |
| Chronological subdivision | 1543- |
| 690 ## - LOCAL SUBJECT ADDED ENTRY--TOPICAL TERM (OCLC, RLIN) | |
| Topical term or geographic name as entry element | ENVIRONMENTAL AND LAND CONSULTANCY-PLANNING AND DEVELOPMENT-STRATEGIC PLANNING |
| 700 1# - ADDED ENTRY--PERSONAL NAME | |
| Personal name | Morgan, Celeste |
| 942 ## - ADDED ENTRY ELEMENTS (KOHA) | |
| Suppress in OPAC | 0 |
| Withdrawn status | Lost status | Source of classification or shelving scheme | Damaged status | Not for loan | Home library | Current library | Shelving location | Date acquired | Total Checkouts | Full call number | Barcode | Date last seen | Copy number | Price effective from | Koha item type |
|---|---|---|---|---|---|---|---|---|---|---|---|---|---|---|---|
| Dewey Decimal Classification | London | London | Journal article | 14/04/2009 | L147195 | 147195-1001 | 06/08/2019 | 1 | 06/08/2019 | Journal article |